000 00542nam a22001817a 4500
003 OSt
008 260622b |||||||| |||| 00| 0 eng d
020 _a9789395700337
082 _a631.521026
_bD97S
100 _aDutta, Amitava
245 _aSeed Legislation and Certification: A Text Book/ by Amitava Dutta
260 _aDelhi :
_bSatish Serial Publishing House,
_c2024.
300 _avii, 204 p.
650 _aTechnology (Applied Sciences)
650 _aAgriculture and related technologies
650 _aSeeds
942 _2ddc
_cBK
999 _c52191
_d52191